Discurso sobre el fomento de la industria popular: 1774

সংরক্ষণ করুন:
গ্রন্থ-পঞ্জীর বিবরন
প্রধান লেখক: Rodríguez, Pedro (Author)
বিন্যাস: গ্রন্থ
ভাষা:স্প্যানিশ
প্রকাশিত: Madrid John Reeder 1975
মালা:Clásicos del Pensamiento Económico Español
বিষয়গুলি:
ট্যাগগুলো: ট্যাগ যুক্ত করুন
কোনো ট্যাগ নেই, প্রথমজন হিসাবে ট্যাগ করুন!

MARC

LEADER 00000nam a2200000 a 4500
001 UCR2419
003 CL-VaPUC
008 980112e19750000SP |||||||||||||||||spa|d
082 0 4 |a 338.09  |b ROD  |2 21 
100 0 |a Rodríguez, Pedro  |e author  |9 400241 
245 1 0 |a Discurso sobre el fomento de la industria popular: 1774 
246 1 0 |a Discurso sobre la educación popular de los artesanos y su fomento: 1775 
300 |a 344 p 
942 |c BK 
945 |d 19980112 00:00:00  |a cmena 
260 |a Madrid  |b John Reeder  |c 1975 
650 0 |a Desarrollo económico y social   |9 256320 
650 7 |a TEORIAS DEL DESARROLLO  |2 CL-VaPUC  |9 400242 
650 0 |a Condiciones económicas  |9 258255 
650 7 |a GESTION DE RECURSOS  |2 CL-VaPUC  |9 358963 
650 0 |a Trabajadores  |9 260887 
650 0 |a Industrialización  |9 263687 
650 0 |a Desarrollo industrial  |9 322675 
650 7 |a EDUCACION Y DESARROLLO  |2 CL-VaPUC  |9 324696 
650 0 |a Artesanos  |9 269213 
583 |a last modification  |c 19980112 00:00:00  |k Rodrigo Vera 
490 0 |a Clásicos del Pensamiento Económico Español 
999 |c 265586  |d 265584 
952 |0 0  |1 0  |4 0  |6 338_090000000000000_ROD_1975  |7 0  |8 A  |9 296573  |a BIBDER  |b BIBDER  |d 2019-11-20  |i 1930079  |o 338.09 ROD 1975  |p 1930079  |r 2023-01-25  |w 2019-11-20  |y BK  |k DER